Conservar y restaurar : (Record no. 177815)

MARC details
000 -LEADER
campo de control de longitud fija 01773nam a2200313 i 4500
001 - NÚMERO DE CONTROL
campo de control 177815
003 - IDENTIFICADOR DE NÚMERO DE CONTROL
campo de control ES-MaACL
005 - FECHA Y HORA DE LA ÚLTIMA TRANSACCIÓN
campo de control 20250809180109.0
008 - DATOS DE LONGITUD FIJA--INFORMACIÓN GENERAL
campo de control de longitud fija 110428s2003 sp ao |||| | spa d
017 ## - NÚMERO DE COPYRIGHT O DE DEPÓSITO LEGAL
Número de copyright o de depósito legal M-8420-2003
020 ## - NÚMERO INTERNACIONAL ESTÁNDAR DEL LIBRO
Número Internacional Estándar del Libro 8445124072
080 ## - NÚMERO DE LA CLASIFICACIÓN DECIMAL UNIVERSAL
Número de la Clasificación Decimal Universal 7.025.4(460.27)(083.824)
080 ## - NÚMERO DE LA CLASIFICACIÓN DECIMAL UNIVERSAL
Número de la Clasificación Decimal Universal 903/4(460.27)(060.64)
245 00 - MENCIÓN DEL TÍTULO
Título Conservar y restaurar :
Resto del título cuatro años de actuaciones en el patrimonio histórico de la Comunidad de Madrid : [exposición]
260 ## - PUBLICACIÓN, DISTRIBUCIÓN, ETC.
Lugar de publicación, distribución, etc. Madrid :
Nombre del editor, distribuidor, etc. Dirección General del Patrimonio Histórico,
Fecha de publicación, distribución, etc. [2003]
300 ## - DESCRIPCIÓN FÍSICA
Extensión 288 páginas :
Otras características físicas principalmente ilustraciones (color), mapa ;
Dimensiones 28 x 24 cm
Material acompañante/anejo
520 ## - RESUMEN, ETC.
Sumario, etc. Catálogo de la exposición celebrada en la Real Academia de Bellas Artes de San Fernando, en la que se exhibieron los recursos utilizados y los resultados obtenidos en algunas de las intervenciones realizadas desde la Dirección General de Patrimonio Histórico con objeto de conservar el patrimonio de la región
530 ## - NOTA DISPONIBLE DE FORMULARIO FÍSICO ADICIONAL
Nota de formato físico adicional disponible Disponible en formato digital
650 #7 - PUNTO DE ACCESO ADICIONAL DE MATERIA--TÉRMINO DE MATERIA
Término de materia o nombre geográfico como elemento de entrada Obras de arte-
Subdivisión general Restauración-
Subdivisión geográfica Madrid (Comunidad Autónoma)-
Subdivisión de forma Exposiciones
9 (RLIN) 161738
651 #7 - PUNTO DE ACCESO ADICIONAL DE MATERIA--NOMBRE GEOGRÁFICO
Nombre geográfico Madrid (Comunidad Autónoma)-
Subdivisión general Restos arqueológicos-
Subdivisión de forma Exposiciones
9 (RLIN) 161736
655 #7 - TERMINO DE INDIZACIÓN--GENERO/FORMA
Datos o término principal de género/forma Catálogos de exposiciones
Fuente del término tgfbne
9 (RLIN) 193628
710 1# - ENTRADA AGREGADA--NOMBRE DE ENTIDAD CORPORATIVA
Nombre de entidad corporativa o nombre de jurisdicción como elemento de entrada Madrid (Comunidad Autónoma).
Unidad subordinada Dirección General de Patrimonio Histórico
Término indicativo de función/relación Editor
9 (RLIN) 161737
852 4# - LOCALIZACIÓN
Ubicación ES-MaACL
Sublocalización o colección R.145533
Ubicación en estantería Depósito 1
Signatura antigua Olim:N-4110
Donativo/Legado Donación Comunidad de Madrid
Número de control de estantería A-11105
856 4# - LOCALIZACIÓN Y ACCESO ELECTRÓNICOS
Identificador Uniforme de Recursos <a href="https://gestiona3.madrid.org/bvirtual/BVCM002187.pdf">https://gestiona3.madrid.org/bvirtual/BVCM002187.pdf</a>
Texto de enlace Versión en línea
Nota pública (PublicaMadrid)
856 4# - LOCALIZACIÓN Y ACCESO ELECTRÓNICOS
Identificador Uniforme de Recursos <a href="https://gestiona3.madrid.org/bvirtual/BVCM010799.pdf">https://gestiona3.madrid.org/bvirtual/BVCM010799.pdf</a>
Texto de enlace Versión en línea: Guía
942 ## - ELEMENTOS DE ENTRADA SECUNDARIOS (KOHA)
Fuente del sistema de clasificación o colocación Clasificación decimal universal
Tipo de ítem Koha Libro impreso
Suprimir en OPAC No
Holdings
Estatus retirado Estado de pérdida Fuente del sistema de clasificación o colocación Estado de daño No para préstamo Colección Biblioteca de origen Biblioteca actual Ubicación en estantería Fecha de adquisición Fuente de adquisición Total de préstamos Signatura topográfica completa Código de barras Visto por última vez Precio de reemplazo Tipo de ítem Koha
    Clasificación decimal universal     Colección digital Biblioteca del Ateneo de Madrid Biblioteca del Ateneo de Madrid Depósito 1 28/04/2011 Donación   A-11105 1186799 23/02/2023 23/02/2023 Libro impreso